000
00268nam a2200133Ia 4500
100
_a
Jain P.C
942
_c
BK
654
_a
Practice
245
_a
Workshop Practice
260
_b
Somaiya Publications
_c
1973
082
_a
670.4
300
_a
162
546
_a
ENGLISH
999
_c
26512
_d
26512